Skiathos ile grecque (Record no. 117652)

MARC details
000 -LEADER
campo de control de longitud fija 00522nam a2200169 4500
001 - NÚMERO DE CONTROL
campo de control 117652
003 - IDENTIFICADOR DE NÚMERO DE CONTROL
campo de control ES-MaACL
005 - FECHA Y HORA DE LA ÚLTIMA TRANSACCIÓN
campo de control 20230906190938.0
007 - CAMPO FIJO DE DESCRIPCIÓN FÍSICA--INFORMACIÓN GENERAL
campo de control de longitud fija t|
008 - DATOS DE LONGITUD FIJA--INFORMACIÓN GENERAL
campo de control de longitud fija 070214s1934 fr r ||||1| fre d
100 1# - ENTRADA PRINCIPAL--NOMBRE DE PERSONA
Nombre de persona Papadiamandis, A.
9 (RLIN) 88858
245 10 - MENCIÓN DEL TÍTULO
Título Skiathos ile grecque
Resto del título : nouvelles /
Mención de responsabilidad, etc. par A. Papadiamandis ; traduites du grec et prefaces par Octave Merlier.
260 ## - PUBLICACIÓN, DISTRIBUCIÓN, ETC.
Lugar de publicación, distribución, etc. Paris :
Nombre del editor, distribuidor, etc. A. Taffin-Lefort,
Fecha de publicación, distribución, etc. 1934.
300 ## - DESCRIPCIÓN FÍSICA
Extensión 320 p. ;
Dimensiones 20 cm.
700 1# - ENTRADA AGREGADA--NOMBRE PERSONAL
Nombre de persona Merlier, Octave.
9 (RLIN) 80574
852 ## - LOCALIZACIÓN
Ubicación ES-MaACL
Número de control de estantería A-3431
Holdings
Estatus retirado Estado de pérdida Estado de daño No para préstamo Biblioteca de origen Biblioteca actual Ubicación en estantería Fecha de adquisición Fuente de adquisición Total de préstamos Signatura topográfica completa Código de barras Visto por última vez Precio de reemplazo Tipo de ítem Koha
        Biblioteca del Ateneo de Madrid Biblioteca del Ateneo de Madrid Sala Pecera Planta 1 17/01/2008     A-3431 1122658 23/02/2023 23/02/2023 Libro impreso